000 00292nam a22001337a 4500
008 170908b xxu||||| |||| 00| 0 eng d
020 _a0136664210
041 _aeng
080 _28 ED
_a91
100 _a42
101 _aGEO
245 _aPHYSICAL GEOLOGY
_cKAUFFMAN.J
942 _2udc
_cBK
999 _c26786
_d26786